00800nam a2200241Ia 450000500170000000800270001702000180004410000180006224500590008025000170013930000490015653400220020565000310022765000400025865000460029865000370034426400430038133600270042433700330045133800280048404000350051208400110054720220317000344.0141031s9999 ck 000 0 spa d a97884924120751 aLenz, Patrick10aTom y el pájaro ctexto e ilustraciones Patrick Lenz a1a edición a24 páginasbilustraciones en colorc25 cm. tTom und der Vogel142LEMBaÁlbumes infantiles142LEMBaAmistadvÁlbumes infantiles142LEMBaImaginaciónvÁlbumes infantiles142LEMBaAvesvÁlbumes infantiles aBarcelonabLibros del Zorro Rojoc2008 atextobtxt2rdacontent asin mediaciónbn2rdamedia avolumenbnc2rdacarrier aCO-BoRNBPbspaerdacCO-BoRNBP aA LEN3